000 00732nam a22002177a 4500
003 UA-OsUOA
001 83642
007 ta
008 20120424b un ||||| |||| 00| 0 ukr d
100 _aПопова В.В.
090 _a330(477)
_bП58
942 _cSA
040 _aUA-OsUOA
_bukr
_cUA-OsUOA
_dUA-OsUOA
245 _aРеорганізація системи податкових органів: організаційно-структурні аспекти міжвідомчої інтеграції
300 _aС.14-19
955 _a0
041 _aukr
080 _a330(477)
773 0 _w83640
_tЕкономіка. Фінанси. Право.
_dК.
_d2011
_g12
650 7 _a330 Економіка взагалі
_2UDC
999 _c369954
_d369954